Analýza štruktúry materiálov pomocou mikro-Ramamanovho mikroskopu

Guardado en:
Detalles Bibliográficos
Autor principal: Vincze, Tomáš (Autor)
Otros Autores: Kováč, Jaroslav (Orientador)
Formato: Manuscrito Libro
Lenguaje:eslovaco
Publicado: Bratislava : STU v Bratislave FEI, 2020
Materias:
Acceso en línea:https://opac.crzp.sk/?fn=detailBiblioForm&sid=EAE7EF6B68A1C52649C21346D593&seo=CRZP-detail-kniha
Etiquetas: Agregar Etiqueta
Sin Etiquetas, Sea el primero en etiquetar este registro!

MARC

LEADER 00000ntm a22000003a 4500
001 stuzp74023
003 SK-STU
005 20200731102131.5
007 ta
008 150427s2015----xo-----f-mn---000-0-slo-d
040 |a STU  |b slo 
041 0 |a slo 
044 |a xo 
100 1 |a Vincze, Tomáš  |u 033000  |4 aut  |U FEI Fakulta elektrotechniky a informatiky  |T FEI Ústav elektroniky a fotoniky  |X 80712  |U E030  |Y 549  |7 80712 
242 0 1 |a Analysis of material structure using micro-Raman microscope  |y eng 
245 1 0 |a Analýza štruktúry materiálov pomocou mikro-Ramamanovho mikroskopu 
260 |c Bratislava :  |c STU v Bratislave FEI,  |c 2020 
300 |a 55 s. 
650 4 |a Ramanova spektroskopia  |2 slo 
650 4 |a 4H-SiC dióda  |2 slo 
650 4 |a QCL  |2 slo 
650 4 |a GaN HEMT  |2 slo 
650 4 |a Raman spectroscopy  |2 eng 
650 4 |a GaN HEMT  |2 eng 
650 4 |a 4H-SiC diode  |2 eng 
650 4 |a QCL  |2 eng 
700 1 |a Kováč, Jaroslav  |u 033000  |k Z1  |4 ths  |U FEI Fakulta elektrotechniky a informatiky  |T FEI Ústav elektroniky a fotoniky  |X 42526  |U E030  |Y 549  |7 A000042526 
856 4 |u https://opac.crzp.sk/?fn=detailBiblioForm&sid=EAE7EF6B68A1C52649C21346D593&seo=CRZP-detail-kniha